[Event "Madrid San Viator op 22nd"]
[Site "Madrid"]
[Date "2014.05.18"]
[Round "7"]
[White "Ojosnegros Martin, Angel"]
[Black "Petru, Marius Ioan"]
[Result "0-1"]
[WhiteElo "1514"]
[BlackElo "1742"]
[PlyCount "66"]
[EventDate "2014.03.23"]
[EventType "swiss"]
[EventRounds "9"]
[EventCountry "ESP"]
[SourceTitle "EXT 2015"]
[Source "ChessBase"]
[SourceDate "2014.11.20"]
[SourceVersion "1"]
[SourceVersionDate "2014.11.20"]
[SourceQuality "1"]

1. e4 c5 2. Nf3 d6 3. d4 cxd4 4. Nxd4 Nf6 5. Nc3 a6 6. g3 e6 7. Bg2 Qc7 8. Nde2 Nbd7 9. a4 Be7 10. Rb1 0-0 11. 0-0 Rb8 12. b4 b6 13. f4 Bb7 14. Bd2 Qc4 15. e5 dxe5 16. fxe5 Nxe5 17. Rf4 Qc7 18. Bxb7 Qxb7 19. Nc1 Rbd8 20. Qe2 Rxd2 21. Qxd2 Nf3+ 22. Rxf3 Qxf3 23. Nd3 Rd8 24. Rf1 Qb7 25. Ne2 Nd5 26. Qe1 Ne3 27. Rf2 Nxc2 28. Qc3 Ne3 29. Nb2 Nd5 30. Qf3 Bxb4 31. Nd3 Bd2 32. Nef4 Be3 33. Nxd5 Bxf2+ 0-1

[Event "Madrid San Viator op 22nd"]
[Site "Madrid"]
[Date "2014.03.30"]
[Round "2"]
[White "Barahona Torrijos, Angel"]
[Black "Petru, Marius Ioan"]
[Result "1-0"]
[WhiteElo "1870"]
[BlackElo "1742"]
[PlyCount "69"]
[EventDate "2014.03.23"]
[EventType "swiss"]
[EventRounds "9"]
[EventCountry "ESP"]
[SourceTitle "EXT 2015"]
[Source "ChessBase"]
[SourceDate "2014.11.20"]
[SourceVersion "1"]
[SourceVersionDate "2014.11.20"]
[SourceQuality "1"]

1. e4 e6 2. d4 d5 3. Nc3 Nf6 4. e5 Nfd7 5. Nce2 c5 6. c3 Nc6 7. f4 Qb6 8. Nf3 Be7 9. a3 a5 10. g3 f6 11. Bh3 Nf8 12. 0-0 cxd4 13. cxd4 Ng6 14. Kh1 0-0 15. Nc3 Bd7 16. Nxd5 Qd8 17. Nxe7+ Qxe7 18. d5 Nd8 19. exf6 Qxf6 20. Qb3 Kh8 21. Be3 Qe7 22. Ne5 Nxe5 23. fxe5 Rxf1+ 24. Rxf1 h6 25. Qd3 exd5 26. Bxd7 Ne6 27. Qxd5 Rd8 28. Qxe6 Rxd7 29. Qxe7 Rxe7 30. Bd4 Kg8 31. Re1 Kf7 32. e6+ Kg6 33. Bc5 Re8 34. e7 Kf7 35. Rf1+ 1-0